000 01855cam a22005054i 4500
003 PE-LiUPU
005 20250731173449.0
008 150616s1984 sp r 000 0 spa d
020 _a847057129X
035 _a(Sirsi) i9788470571299
040 _aPE-LiUPU
_bspa
_cPE-LiUPU
_erda
049 _aPRUA
082 0 4 _a230.2
_bB17
_221
100 1 _aBeinert, Wolfgang,
_eautor.
245 1 3 _aLa Iglesia: El acontecimiento Salvifico en la Comunidad Cristiana.
264 1 _aMadrid :
_bEdiciones Cristiandad,
_c1984.
300 _a651 páginas ;
_c24 centímetros
336 _atext
_2rdacontent
337 _aunmediated
_2rdamedia
338 _avolume
_2rdacarrier
490 0 _aMysterium Salutis. Manual de teología como historia de la salvación ;
_v 4:1
504 _aBibliografía al final de cada capítulo.
505 0 _aEstructuras de la eclesiología veterotestamentaria -- Eclesiología del Nuevo Testamento -- El nuevo pueblo de Dios como sacramento de salvación -- Propiedades esenciales de la iglesia.
526 _aSEG42
526 _aSEG41
526 _aSEG40
526 _aSEG39
526 _aP94
526 _aP87
526 _aP86
526 _aP85
526 _aP77
526 _aP76
526 _aP35
650 0 4 _aIGLESIA - A. T.
700 1 _aCongar, Yves
700 1 _aRossano, Pietro.
910 _ajck
_bjvq
_cjck
942 _2ddc
_cBOOK
949 _a230.2 B17
_wDEWEY
_c1
_i39729
_d2016-4-11
_e2016-4-11
_lCCODEBUL1
_mBUL
_n1
_r0
_sY
_tBOOK
_u2015-6-16
_xTEOLOGIA
_zUNKNOWN
_0COMPRA
_o.STAFF. Colección Teología
994 _aC0
_bPEPRU
596 _a1
999 _a230.2 B17
_wDEWEY
_c57379
_i39729
_d57379
_e2016-4-11
_f2021-11-9
_g5
_lCCODEBUL1
_mBUL
_n1
_p34.00
_q1
_r0
_sY
_tBOOK
_u2015-6-16
_xTEOLOGIA
_PP35
_0COMPRA
_o.STAFF. Colección Teología
980 _81
_gALBERTO SANCHEZ Responsable de Automatización